00566nam a2200193Ia 450000500170000000800410001702000210005804000190007904100120009808200160011010000230012624500690014925000110021826000690022930000160029865000190031465100290033385000100036220221019113148.0131103s9999 xx 000 0 und d a70587973cRs 210 aLoreto College aEnglish a153.94bPRA aPrasad, Hari Mohan aOjective English for competitive examinationscHari Mohan Prasad a3rd ed aNew DelhibTata McGraw-Hill Publishing Company Limitedc(c) 2005 axvi,B-185p  aAptitude Tests aCompetitive Examinations aLCLIB